| 000 -CABECERA |
| Campo de control de longitud fija |
01619nam a22003257a 4500 |
| 003 - IDENTIFICADOR DEL NÚMERO DE CONTROL |
| Campo de control |
OSt |
| 005 - FECHA Y HORA DE LA ÚLTIMA TRANSACCIÓN |
| Campo de control |
20260416152807.0 |
| 008 - CÓDIGOS DE INFORMACIÓN DE LONGITUD FIJA |
| Campo de control de longitud fija |
260410t2006 xxu||||| |||| 00| 0 spa d |
| 020 ## - NÚMERO INTERNACIONAL NORMALIZADO PARA LIBROS (ISBN) |
| Número Internacional Normalizado para Libros (ISBN) |
9788847005037 |
| 020 ## - NÚMERO INTERNACIONAL NORMALIZADO PARA LIBROS (ISBN) |
| Número Internacional Normalizado para Libros (ISBN) |
8847005035 |
| 040 ## - FUENTE DE LA CATALOGACIÓN |
| Centro catalogador de origen |
Unicoc |
| Lengua de catalogación |
spa |
| Centro que cataloga |
Bogotá (Dr. David Ordóñez Rueda) - Campus Norte |
| Centro modificador |
Bogotá (Dr. David Ordóñez Rueda) - Campus Norte |
| 082 ## - NÚMERO DE LA CLASIFICACIÓN DECIMAL DEWEY |
| Número de clasificación |
515 |
| 100 ## - PUNTO DE ACCESO PRINCIPAL - NOMBRE DE PERSONA |
| 9 (RLIN) |
12903 |
| Nombre de persona |
Quarteroni, Alfio |
| 245 ## - MENCIÓN DE TÍTULO |
| Título |
Cálculo científico con Matlab y octave |
| Mención de responsabilidad etc. |
/ Alfio Quarteroni, Fausto Saleri |
| 250 ## - MENCIÓN DE EDICIÓN |
| Mención de edición |
1 Ed. |
| 260 ## - PUBLICATION, DISTRIBUTION, ETC. (IMPRINT) |
| Lugar de publicación distribución etc. |
Italia : |
| Nombre del editor distribuidor etc. |
Springer , |
| Fecha de publicación distribución etc. |
2006 |
| 300 ## - DESCRIPCIÓN FÍSICA |
| Extensión |
336 páginas |
| Otras características físicas |
Ilustraciones, Tablas, gráficas, diagrámas |
| 500 ## - NOTA GENERAL |
| Nota general |
Incluye Índice y Referencias bibliográficas |
| 505 ## - NOTA DE CONTENIDO CON FORMATO |
| Título |
1. Lo que no se puede ignorar. -- |
| -- |
2. Ecuaciones no lineales. -- |
| -- |
3. Aproximación de funciones y datos. -- |
| -- |
4. Diferenciación e integración numéricas. -- |
| -- |
5. Sistemas lineales. -- |
| -- |
6. Autovalores y autovectores. -- |
| -- |
7. Ecuaciones diferenciales ordinarias. -- |
| -- |
8. Métodos numéricos para problemas de valores iniciales y de contorno. -- |
| -- |
9. Soluciones de los ejercicios. -- |
| 526 ## - NOTA DE INFORMACIÓN SOBRE EL PROGRAMA DE ESTUDIO |
| Institución que aplica el campo |
Unicoc |
| 546 ## - NOTA DE LENGUA |
| Nota de lengua |
Español |
| 650 #0 - PUNTO DE ACCESO ADICIONAL DE MATERIA - TÉRMINO DE MATERIA |
| 9 (RLIN) |
7638 |
| Término de materia o nombre geográfico como elemento inicial |
MATLAB (Programa para computador) |
| 650 #0 - PUNTO DE ACCESO ADICIONAL DE MATERIA - TÉRMINO DE MATERIA |
| 9 (RLIN) |
7639 |
| Término de materia o nombre geográfico como elemento inicial |
Análisis numérico |
| Subdivisión de forma |
Procesamiento de datos |
| 650 #0 - PUNTO DE ACCESO ADICIONAL DE MATERIA - TÉRMINO DE MATERIA |
| 9 (RLIN) |
351 |
| Término de materia o nombre geográfico como elemento inicial |
Matemáticas |
| Subdivisión de materia general |
Procesamiento de datos |
| 658 #0 - TÉRMINO DE INDIZACIÓN - OBJETIVO CURRICULAR |
| 9 (RLIN) |
8220 |
| Programa Académico |
Programa de Ingeniería de Sistemas |
| 658 #0 - TÉRMINO DE INDIZACIÓN - OBJETIVO CURRICULAR |
| 9 (RLIN) |
8260 |
| Programa Académico |
Programa de Ingeniería Industrial |
| 700 ## - PUNTO DE ACCESO ADICIONAL - NOMBRE DE PERSONA |
| 9 (RLIN) |
12904 |
| Nombre de persona |
Saleri, Fausto |
| 856 ## - LOCALIZACIÓN Y ACCESO ELECTRÓNICOS |
| Texto del enlace |
Acceso online exclusivo para comunidad Unicoc. |
| Identificador Uniforme del Recurso (URI) |
https://unicoceduco-my.sharepoint.com/:b:/g/personal/direccionbiblioteca_unicoc_edu_co/IQDLtzh2D52KSp7dFBXPguRvAc2x0W1AITm8OhTIXzjqEH8 |
| 942 ## - ENTRADA PARA ELEMENTOS AGREGADOS (KOHA) |
| Fuente de clasificación o esquema de ordenación en estanterías |
|
| Koha [por defecto] tipo de item |
Libro electrónico |